[Event "20. Obert Int. Sant Marti 2018 - B"]
[Site "Barcelona ESP"]
[Date "2018.07.18"]
[Round "6.31"]
[White "Jimenez Molina, Victor"]
[Black "Povill Claros, Laura"]
[Result "0-1"]
[WhiteElo "1710"]
[BlackElo "1802"]
[PlyCount "78"]
[EventDate "2018.07.13"]
[EventType "swiss"]
[EventRounds "9"]
[EventCountry "ESP"]
[SourceTitle "Ajedrez en Madrid"]
[Source "lmi"]
[SourceDate "2018.07.13"]
[SourceVersion "1"]
[SourceVersionDate "2019.06.21"]
[SourceQuality "1"]

1. e4 c5 2. Nf3 Nc6 3. d4 cxd4 4. Nxd4 g6 5. c4 Bg7 6. Be3 Nf6 7. Nc3 O-O 8.
Be2 d6 9. h3 Bd7 10. Qd2 Nxd4 11. Bxd4 Bc6 12. f3 a5 13. Nd5 Bxd5 14. cxd5 Nd7
15. Bxg7 Kxg7 16. Qd4+ Kg8 17. O-O Rc8 18. b3 Qb6 19. Qxb6 Nxb6 20. Kf2 Rc2 21.
Ke3 Rfc8 22. Rfd1 Nd7 23. Bb5 Nb6 24. Rd2 R2c5 25. Be2 Nd7 26. f4 Nf6 27. Rad1
h6 28. e5 Rc3+ 29. Kf2 Ne4+ 30. Ke1 Nxd2 31. Rxd2 Rc2 32. Bd3 Rxd2 33. Kxd2 Rc5
34. Be4 a4 35. Kd3 Kf8 36. bxa4 Ra5 37. Ke3 Rxa4 38. Bb1 Rb4 39. Bc2 Rb2 0-1

[Event "20. Obert Int. Sant Marti 2018 - B"]
[Site "Barcelona ESP"]
[Date "2018.07.18"]
[Round "6.32"]
[White "Sarrate Presas, Jordi"]
[Black "Munoz Lozano, Jorge Manuel"]
[Result "0-1"]
[WhiteElo "1648"]
[BlackElo "1787"]
[PlyCount "42"]
[EventDate "2018.07.13"]
[EventType "swiss"]
[EventRounds "9"]
[EventCountry "ESP"]
[SourceTitle "Ajedrez en Madrid"]
[Source "lmi"]
[SourceDate "2018.07.13"]
[SourceVersion "1"]
[SourceVersionDate "2019.06.21"]
[SourceQuality "1"]

1. c4 g6 2. Nc3 Bg7 3. g3 d6 4. Bg2 e5 5. e3 Nf6 6. Nge2 c6 7. d4 O-O 8. O-O
Nbd7 9. b4 Nb6 10. Qb3 Be6 11. d5 cxd5 12. cxd5 Bd7 13. e4 Nh5 14. f4 exf4 15.
Nxf4 Rc8 16. Bb2 Nxf4 17. Rxf4 Nc4 18. Bc1 Qb6+ 19. Kh1 Qd4 20. Rf3 Bg4 21. Rf1
Qxc3 0-1

[Event "20. Obert Int. Sant Marti 2018 - B"]
[Site "Barcelona ESP"]
[Date "2018.07.18"]
[Round "6.33"]
[White "Reyes, Jesus"]
[Black "Minos Constante, Pablo"]
[Result "0-1"]
[WhiteElo "1367"]
[BlackElo "1781"]
[PlyCount "74"]
[EventDate "2018.07.13"]
[EventType "swiss"]
[EventRounds "9"]
[EventCountry "ESP"]
[SourceTitle "Ajedrez en Madrid"]
[Source "lmi"]
[SourceDate "2018.07.13"]
[SourceVersion "1"]
[SourceVersionDate "2019.06.21"]
[SourceQuality "1"]

1. e4 c5 2. Nf3 Nc6 3. d4 cxd4 4. Nxd4 Nf6 5. Nc3 e5 6. Ndb5 d6 7. Bg5 a6 8.
Na3 b5 9. Nd5 Be7 10. Bxf6 Bxf6 11. c4 b4 12. Nc2 O-O 13. g3 Bg5 14. Bg2 Be6
15. O-O a5 16. Qd3 Ne7 17. Nce3 Rc8 18. b3 Bxe3 19. Nxe3 Kh8 20. Rad1 Rc6 21.
Kh1 Qc8 22. f4 exf4 23. gxf4 Bh3 24. Rf3 Bxg2+ 25. Nxg2 f5 26. exf5 Nxf5 27.
Re1 Rc5 28. Ne3 Nxe3 29. Rfxe3 Qc6+ 30. Kg1 d5 31. Re6 Qc8 32. cxd5 Rc3 33. Qa6
Qc5+ 34. Kh1 Qxd5+ 35. R6e4 Rc1 36. Kg1 Qxe4 37. Rxc1 Qe3+ 0-1

[Event "20. Obert Int. Sant Marti 2018 - B"]
[Site "Barcelona ESP"]
[Date "2018.07.18"]
[Round "6.34"]
[White "Serra Vilaro, Agustin"]
[Black "Peter, Louis-Alexis"]
[Result "1/2-1/2"]
[WhiteElo "1780"]
[BlackElo "1558"]
[PlyCount "64"]
[EventDate "2018.07.13"]
[EventType "swiss"]
[EventRounds "9"]
[EventCountry "ESP"]
[SourceTitle "Ajedrez en Madrid"]
[Source "lmi"]
[SourceDate "2018.07.13"]
[SourceVersion "1"]
[SourceVersionDate "2019.06.21"]
[SourceQuality "1"]

1. d4 Nf6 2. c3 d5 3. e3 e6 4. Bd3 c5 5. f4 Nc6 6. Nd2 Be7 7. Ngf3 Ng4 8. Qe2
cxd4 9. exd4 f5 10. Ne5 Nf6 11. Ndf3 O-O 12. O-O Ne4 13. Be3 Bd6 14. Kh1 Rf6
15. Rg1 Bxe5 16. dxe5 Rg6 17. g3 b6 18. Rad1 Bb7 19. Nh4 Rh6 20. Bd4 Nxd4 21.
cxd4 Rc8 22. Rc1 Rc4 23. Qe3 Qc7 24. b3 Rxc1 25. Rxc1 Qe7 26. Nf3 Nxg3+ 27. Kg2
Ne4 28. Rc2 Rg6+ 29. Kf1 Qa3 30. Qc1 Qa5 31. Rc7 Qxa2 32. Be2 Ba6 1/2-1/2

[Event "20. Obert Int. Sant Marti 2018 - B"]
[Site "Barcelona ESP"]
[Date "2018.07.18"]
[Round "6.35"]
[White "Lazaro Valls, Xavi"]
[Black "Barrot Farre, Salvador"]
[Result "1-0"]
[WhiteElo "1488"]
[BlackElo "1760"]
[PlyCount "93"]
[EventDate "2018.07.13"]
[EventType "swiss"]
[EventRounds "9"]
[EventCountry "ESP"]
[SourceTitle "Ajedrez en Madrid"]
[Source "lmi"]
[SourceDate "2018.07.13"]
[SourceVersion "1"]
[SourceVersionDate "2019.06.21"]
[SourceQuality "1"]

1. e4 c5 2. Bc4 e6 3. Nc3 a6 4. e5 Nc6 5. Nf3 Nge7 6. O-O Ng6 7. Re1 b5 8. Bf1
Qc7 9. Qe2 d5 10. exd6 Bxd6 11. g3 Bb7 12. d3 O-O 13. Ne4 Rae8 14. Nfg5 Nd4 15.
Qd1 h6 16. Nxd6 Qxd6 17. Ne4 Qc7 18. Bg2 f5 19. c3 fxe4 20. cxd4 cxd4 21. Bxe4
Bxe4 22. Rxe4 e5 23. Qh5 Qc2 24. Qe2 Qxe2 25. Rxe2 Rf3 26. Rd2 Ne7 27. Kg2 Ref8
28. b3 Nd5 29. a4 Nb4 30. Ba3 a5 31. axb5 R3f6 32. Bxb4 axb4 33. Re2 Re6 34.
Ra6 Kf7 35. Ra7+ Kf6 36. Ra6 g5 37. Rc2 Rb8 38. Rcc6 Rxc6 39. bxc6 Ke7 40. c7
Rc8 41. Rxh6 Rxc7 42. Rh7+ Kd6 43. Rxc7 Kxc7 44. Kf3 Kd6 45. Ke4 g4 46. f3 gxf3
47. Kxf3 1-0

[Event "20. Obert Int. Sant Marti 2018 - B"]
[Site "Barcelona ESP"]
[Date "2018.07.18"]
[Round "6.36"]
[White "Diaz Rendon, Nicoll"]
[Black "Escofet Llongueras, Joan"]
[Result "1/2-1/2"]
[WhiteElo "1760"]
[BlackElo "1623"]
[PlyCount "32"]
[EventDate "2018.07.13"]
[EventType "swiss"]
[EventRounds "9"]
[EventCountry "ESP"]
[SourceTitle "Ajedrez en Madrid"]
[Source "lmi"]
[SourceDate "2018.07.13"]
[SourceVersion "1"]
[SourceVersionDate "2019.06.21"]
[SourceQuality "1"]

1. e4 e6 2. d4 d5 3. e5 c5 4. c3 Nc6 5. Nf3 Qb6 6. a3 Bd7 7. b4 cxd4 8. cxd4
Rc8 9. Be3 a6 10. Bd3 Na7 11. O-O Bb5 12. Re1 Bxd3 13. Qxd3 Ne7 14. Nc3 Nf5 15.
Na4 Qb5 16. Qxb5+ Nxb5 1/2-1/2

[Event "20. Obert Int. Sant Marti 2018 - B"]
[Site "Barcelona ESP"]
[Date "2018.07.18"]
[Round "6.37"]
[White "Siso Ribes, Genis Alfred"]
[Black "Riera Danes, Manel"]
[Result "0-1"]
[WhiteElo "1626"]
[BlackElo "1938"]
[PlyCount "80"]
[EventDate "2018.07.13"]
[EventType "swiss"]
[EventRounds "9"]
[EventCountry "ESP"]
[SourceTitle "Ajedrez en Madrid"]
[Source "lmi"]
[SourceDate "2018.07.13"]
[SourceVersion "1"]
[SourceVersionDate "2019.06.21"]
[SourceQuality "1"]

1. d4 Nf6 2. c4 g6 3. Nc3 Bg7 4. e4 d6 5. f3 O-O 6. Nge2 c5 7. d5 e6 8. Ng3
exd5 9. cxd5 a6 10. a4 b6 11. Be2 Nbd7 12. O-O Re8 13. Bf4 Nf8 14. Qd2 h5 15.
Bh6 N8h7 16. Bxg7 Kxg7 17. Rad1 Ra7 18. Rfe1 Rae7 19. Bd3 Bb7 20. Nce2 Qc7 21.
b3 h4 22. Nh1 Re5 23. Nf2 Bc8 24. Nf4 g5 25. N4h3 Bxh3 26. Nxh3 g4 27. f4 R5e7
28. e5 dxe5 29. Bxh7 Qd6 30. Ng5 Nxh7 31. Nxh7 Kxh7 32. Qd3+ e4 33. Qxa6 Rd8
34. Qf1 f5 35. Re3 Red7 36. g3 h3 37. Qc4 Qf6 38. Kf2 Qf7 39. Qb5 Rxd5 40. Qxb6
Rxd1 0-1

[Event "20. Obert Int. Sant Marti 2018 - B"]
[Site "Barcelona ESP"]
[Date "2018.07.18"]
[Round "6.38"]
[White "Lopez Manzano, Antonio"]
[Black "Valbuena Castro, Gregorio"]
[Result "1-0"]
[WhiteElo "1900"]
[BlackElo "1646"]
[PlyCount "28"]
[EventDate "2018.07.13"]
[EventType "swiss"]
[EventRounds "9"]
[EventCountry "ESP"]
[SourceTitle "Ajedrez en Madrid"]
[Source "lmi"]
[SourceDate "2018.07.13"]
[SourceVersion "1"]
[SourceVersionDate "2019.06.21"]
[SourceQuality "1"]

1. d4 Nf6 2. c4 g6 3. Nc3 d5 4. Bf4 Bg7 5. e3 O-O 6. Qb3 c6 7. Nf3 dxc4 8. Bxc4
b5 9. Be2 a5 10. Ne5 Be6 11. Qc2 b4 12. Na4 Bf5 13. Qd1 Qd5 14. Nb6 Ra7 1-0

[Event "20. Obert Int. Sant Marti 2018 - B"]
[Site "Barcelona ESP"]
[Date "2018.07.18"]
[Round "6.39"]
[White "Corominas Garrido, Jordi"]
[Black "Palau Soriano, Ricard"]
[Result "0-1"]
[WhiteElo "1853"]
[BlackElo "1637"]
[PlyCount "58"]
[EventDate "2018.07.13"]
[EventType "swiss"]
[EventRounds "9"]
[EventCountry "ESP"]
[SourceTitle "Ajedrez en Madrid"]
[Source "lmi"]
[SourceDate "2018.07.13"]
[SourceVersion "1"]
[SourceVersionDate "2019.06.21"]
[SourceQuality "1"]

1. d4 Nf6 2. c4 e6 3. Nf3 d5 4. Nc3 c5 5. cxd5 exd5 6. Bg5 Be7 7. dxc5 Qa5 8.
Qd2 Be6 9. e3 a6 10. Rc1 Nbd7 11. Be2 Bxc5 12. O-O O-O 13. a3 Bd6 14. Rfd1 Rac8
15. Nd4 Rfe8 16. Bh4 Be7 17. Bg3 Qd8 18. h3 Nc5 19. f3 Bd6 20. Bxd6 Qxd6 21. b4
Ncd7 22. f4 Nb6 23. Nb3 Nc4 24. Bxc4 Rxc4 25. Nxd5 Qxd5 26. Qxd5 Bxd5 27. Rxc4
Bxc4 28. Na5 Bd5 29. g4 Bc6 0-1

[Event "20. Obert Int. Sant Marti 2018 - B"]
[Site "Barcelona ESP"]
[Date "2018.07.18"]
[Round "6.40"]
[White "Gonzalez Moreno, Antoni"]
[Black "Gomez Parla, Josep"]
[Result "1-0"]
[WhiteElo "1667"]
[BlackElo "1794"]
[PlyCount "80"]
[EventDate "2018.07.13"]
[EventType "swiss"]
[EventRounds "9"]
[EventCountry "ESP"]
[SourceTitle "Ajedrez en Madrid"]
[Source "lmi"]
[SourceDate "2018.07.13"]
[SourceVersion "1"]
[SourceVersionDate "2019.06.21"]
[SourceQuality "1"]

1. c4 g6 2. Nc3 Nf6 3. g3 c6 4. Bg2 Bg7 5. e3 O-O 6. Nge2 d6 7. b3 Bg4 8. Bb2
a5 9. O-O Qc8 10. d4 Bh3 11. Qc2 Bxg2 12. Kxg2 b5 13. cxb5 cxb5 14. Rac1 b4 15.
Na4 Qb7+ 16. Kg1 Na6 17. Qc6 Rab8 18. Qxb7 Rxb7 19. Nf4 Rbb8 20. Rc6 Ra8 21.
Nb6 Rad8 22. Rfc1 Nb8 23. Rc7 Nfd7 24. Nxd7 Nxd7 25. Ra7 e5 26. Ne2 exd4 27.
Bxd4 Bxd4 28. Nxd4 Nc5 29. Rxa5 Ra8 30. Rxa8 Rxa8 31. Rc2 Ne4 32. Nc6 Nc3 33.
Nxb4 Ne4 34. Kf1 Nc5 35. Ke2 Kf8 36. Nd5 f5 37. f3 Kf7 38. Nb6 Ra3 39. Nc4 Ra6
40. Nxd6+ Rxd6 1-0

[Event "20. Obert Int. Sant Marti 2018 - B"]
[Site "Barcelona ESP"]
[Date "2018.07.18"]
[Round "6.41"]
[White "Ankit, Dalal"]
[Black "Grao Amaya, Rafael"]
[Result "0-1"]
[WhiteElo "1591"]
[BlackElo "1767"]
[PlyCount "126"]
[EventDate "2018.07.13"]
[EventType "swiss"]
[EventRounds "9"]
[EventCountry "ESP"]
[SourceTitle "Ajedrez en Madrid"]
[Source "lmi"]
[SourceDate "2018.07.13"]
[SourceVersion "1"]
[SourceVersionDate "2019.06.21"]
[SourceQuality "1"]

1. e4 g6 2. d4 Bg7 3. Nc3 d6 4. Be3 a6 5. Qd2 b5 6. a3 Bb7 7. Be2 e6 8. f4 Ne7
9. Bf3 Nd7 10. b4 Nb6 11. e5 Bxf3 12. Nxf3 Nc4 13. Qf2 Nf5 14. Bc1 c6 15. O-O
a5 16. bxa5 Rxa5 17. Nd2 d5 18. Nxc4 bxc4 19. g4 Ne7 20. Bd2 Ra8 21. Ne2 h5 22.
g5 O-O 23. Bb4 Re8 24. Rfb1 Bf8 25. Rb2 Nf5 26. Ng3 Bxb4 27. Rxb4 Ng7 28. h4
Ra5 29. a4 Qa8 30. c3 Qa7 31. Qb2 Rc8 32. Rb7 Qa8 33. Qb4 c5 34. dxc5 Raxc5 35.
a5 R5c7 36. a6 Rxb7 37. Qxb7 Rb8 38. Qxa8 Rxa8 39. Kf2 Kf8 40. Ke3 Ke7 41. Kd4
Kd7 42. Kc5 Kc7 43. a7 Ne8 44. Ne2 Kb7 45. Nd4 Rc8+ 46. Kb4 Nc7 47. Nb5 Nxb5
48. Kxb5 Ra8 49. Ra6 Rxa7 50. Rxa7+ Kxa7 51. Kc5 Ka6 52. Kd6 d4 53. cxd4 c3 54.
Ke7 c2 55. Kxf7 c1=Q 56. Kxe6 Qc8+ 57. Kf7 Qf5+ 58. Ke7 Qxf4 59. e6 Kb6 60. Ke8
Kc6 61. e7 Qf5 62. d5+ Kd6 63. Kd8 Qd7# 0-1

[Event "20. Obert Int. Sant Marti 2018 - B"]
[Site "Barcelona ESP"]
[Date "2018.07.18"]
[Round "6.42"]
[White "Serentill Tost, Eduard"]
[Black "Ferre Navarro, Joan"]
[Result "1-0"]
[WhiteElo "1745"]
[BlackElo "1629"]
[PlyCount "117"]
[EventDate "2018.07.13"]
[EventType "swiss"]
[EventRounds "9"]
[EventCountry "ESP"]
[SourceTitle "Ajedrez en Madrid"]
[Source "lmi"]
[SourceDate "2018.07.13"]
[SourceVersion "1"]
[SourceVersionDate "2019.06.21"]
[SourceQuality "1"]

1. e4 e5 2. Nf3 Nc6 3. Bb5 d6 4. d4 exd4 5. Nxd4 Bd7 6. Nxc6 bxc6 7. Bc4 Nf6 8.
O-O Be7 9. Nc3 O-O 10. Re1 Be6 11. Bxe6 fxe6 12. Be3 a6 13. f3 Nd7 14. Ne2 Bf6
15. Nd4 Bxd4 16. Qxd4 Nb6 17. b3 c5 18. Qc3 e5 19. Rad1 Qe7 20. a4 a5 21. Re2
Qf7 22. Qe1 Qg6 23. Rf2 c4 24. Bd2 cxb3 25. cxb3 Ra7 26. Bxa5 Nd7 27. Bd2 Nc5
28. Be3 Rb7 29. Bxc5 dxc5 30. Qc3 Qe6 31. Rd3 Rfb8 32. Qxc5 Rxb3 33. Qxc7 Rxd3
34. Qxb8+ Kf7 35. Qb5 Qd6 36. h3 Qd4 37. Qd5+ Qxd5 38. exd5 Rxd5 39. Ra2 Ra5
40. Kf2 Ke6 41. Ke3 Kf5 42. g3 h5 43. Kd3 g5 44. Kc4 g4 45. Kb4 Rd5 46. fxg4+
hxg4 47. h4 Ke4 48. a5 Kf3 49. Ra3+ Kg2 50. a6 Rd8 51. Kc4 e4 52. a7 Ra8 53.
Kd4 e3 54. Kxe3 Kxg3 55. h5 Kh3 56. Kf4+ Kh4 57. h6 Rf8+ 58. Ke4 g3 59. a8=Q
1-0

[Event "20. Obert Int. Sant Marti 2018 - B"]
[Site "Barcelona ESP"]
[Date "2018.07.18"]
[Round "6.43"]
[White "Aagam, Aditya E"]
[Black "Subirana Santos, Marc"]
[Result "1/2-1/2"]
[WhiteElo "1579"]
[BlackElo "1743"]
[PlyCount "45"]
[EventDate "2018.07.13"]
[EventType "swiss"]
[EventRounds "9"]
[EventCountry "ESP"]
[SourceTitle "Ajedrez en Madrid"]
[Source "lmi"]
[SourceDate "2018.07.13"]
[SourceVersion "1"]
[SourceVersionDate "2019.06.21"]
[SourceQuality "1"]

1. e4 e6 2. d4 d5 3. exd5 exd5 4. Bd3 Nf6 5. Nf3 Bg4 6. Bg5 Be7 7. Nbd2 h6 8.
Bh4 Ne4 9. Nxe4 Bxh4 10. Ned2 O-O 11. O-O Nd7 12. h3 Be6 13. c3 Be7 14. Qc2 Bd6
15. Rae1 Nf6 16. Bf5 Bxf5 17. Qxf5 Qd7 18. Qxd7 Nxd7 19. Re2 Rfe8 20. Rfe1 Kf8
21. Kf1 c5 22. Nb3 b6 23. Rxe8+ 1/2-1/2

[Event "20. Obert Int. Sant Marti 2018 - B"]
[Site "Barcelona ESP"]
[Date "2018.07.18"]
[Round "6.44"]
[White "Morales Mendizabal, Pere"]
[Black "Ruiz Puerta, Jon Ander"]
[Result "1/2-1/2"]
[WhiteElo "1742"]
[BlackElo "1616"]
[PlyCount "68"]
[EventDate "2018.07.13"]
[EventType "swiss"]
[EventRounds "9"]
[EventCountry "ESP"]
[SourceTitle "Ajedrez en Madrid"]
[Source "lmi"]
[SourceDate "2018.07.13"]
[SourceVersion "1"]
[SourceVersionDate "2019.06.21"]
[SourceQuality "1"]

1. d4 Nf6 2. f4 d5 3. Nf3 h6 4. e3 Bf5 5. c3 Nbd7 6. Bd3 Ne4 7. Qc2 e6 8. O-O
c5 9. Ne5 c4 10. Nxc4 Rc8 11. Ne5 Be7 12. Nd2 Nxe5 13. fxe5 Nxd2 14. Bxd2 Bxd3
15. Qxd3 O-O 16. e4 dxe4 17. Qxe4 Qb6 18. Rab1 Qa6 19. Qg4 Kh7 20. a3 Qd3 21.
Rbd1 Qc2 22. Rf2 Qb3 23. Rdf1 f6 24. exf6 Rxf6 25. Qe4+ Kh8 26. Rxf6 Bxf6 27.
Qg6 Rf8 28. Qd3 Rd8 29. Bxh6 Bxd4+ 30. Be3 Bxe3+ 31. Qxe3 Qxb2 32. Qh3+ Kg8 33.
Qxe6+ Kh8 34. Qe7 Rc8 1/2-1/2

[Event "20. Obert Int. Sant Marti 2018 - B"]
[Site "Barcelona ESP"]
[Date "2018.07.18"]
[Round "6.45"]
[White "Riera Mestres, Josep"]
[Black "Tortosa Moros, Joan"]
[Result "1/2-1/2"]
[WhiteElo "1565"]
[BlackElo "1741"]
[PlyCount "73"]
[EventDate "2018.07.13"]
[EventType "swiss"]
[EventRounds "9"]
[EventCountry "ESP"]
[SourceTitle "Ajedrez en Madrid"]
[Source "lmi"]
[SourceDate "2018.07.13"]
[SourceVersion "1"]
[SourceVersionDate "2019.06.21"]
[SourceQuality "1"]

1. d4 Nf6 2. Nf3 e6 3. Bf4 d5 4. e3 c5 5. Be2 Nc6 6. O-O cxd4 7. exd4 Be7 8. c3
O-O 9. Nbd2 Bd7 10. Bd3 Rc8 11. Ne5 h6 12. Ndf3 Ne4 13. Re1 Nxe5 14. Nxe5 Nf6
15. Re3 g5 16. Bg3 h5 17. f3 Nh7 18. Bf2 f5 19. h3 Bd6 20. g3 Bxe5 21. Rxe5 Nf6
22. Qd2 Nh7 23. Kg2 Qf6 24. Bc2 Rf7 25. Qd3 g4 26. h4 gxf3+ 27. Qxf3 Qg6 28.
Be3 Nf6 29. Bg5 Ne4 30. Bf4 Rcf8 31. Re1 Kh8 32. Bd1 Nd6 33. Be2 Nc4 34. Bd1
Nxe5 35. Bxe5+ Kg8 36. Qxh5 Qxh5 37. Bxh5 1/2-1/2

[Event "20. Obert Int. Sant Marti 2018 - B"]
[Site "Barcelona ESP"]
[Date "2018.07.18"]
[Round "6.46"]
[White "Romero Funieles, Rafael"]
[Black "Bellpuig Mencos, Gerard"]
[Result "1/2-1/2"]
[WhiteElo "1725"]
[BlackElo "1606"]
[PlyCount "134"]
[EventDate "2018.07.13"]
[EventType "swiss"]
[EventRounds "9"]
[EventCountry "ESP"]
[SourceTitle "Ajedrez en Madrid"]
[Source "lmi"]
[SourceDate "2018.07.13"]
[SourceVersion "1"]
[SourceVersionDate "2019.06.21"]
[SourceQuality "1"]

1. e4 c5 2. Nf3 e6 3. Be2 Nf6 4. d3 d5 5. exd5 exd5 6. h3 Be7 7. O-O O-O 8. Bg5
Nc6 9. a3 h6 10. Bh4 Bf5 11. Nbd2 Qd7 12. Nh2 Nd4 13. Bf3 Nxf3+ 14. Ndxf3 Rfe8
15. Ne5 Qc7 16. Bg3 Bd6 17. Neg4 Nh7 18. Qf3 Be6 19. Bxd6 Qxd6 20. Rae1 Ng5 21.
Qg3 Qb6 22. h4 Bxg4 23. Nxg4 Nh7 24. b3 h5 25. Ne3 d4 26. Nf5 Qf6 27. Nd6 Re7
28. Re4 Rxe4 29. dxe4 b6 30. e5 Qe6 31. Qf3 Rd8 32. Qg3 Nf8 33. f4 Ng6 34. Qg5
Qe7 35. Qxh5 Nxh4 36. Nxf7 g6 37. Nh6+ Kg7 38. Qg5 Qxg5 39. fxg5 Rf8 40. Re1
Nf5 41. Ng4 Re8 42. e6 Re7 43. Kf2 Kf8 44. Nf6 Kg7 45. Nd5 Re8 46. g4 Ne7 47.
Nf6 Rd8 48. Rh1 Rh8 49. Rxh8 Kxh8 50. Kf3 Kg7 51. Ke4 Kf8 52. Ke5 Nc8 53. Nd5
Kg7 54. b4 a6 55. bxc5 bxc5 56. a4 a5 57. Nc7 Ne7 58. Kd6 c4 59. Kxe7 d3 60.
Ne8+ Kh8 61. cxd3 cxd3 62. Nf6 d2 63. Kf7 d1=Q 64. e7 Qb3+ 65. Kxg6 Qd3+ 66.
Kf7 Qc4+ 67. Kf8 Qf7+ 1/2-1/2

[Event "20. Obert Int. Sant Marti 2018 - B"]
[Site "Barcelona ESP"]
[Date "2018.07.18"]
[Round "6.47"]
[White "Han, Xuqian Ben"]
[Black "Roche Peris, Eduard"]
[Result "1-0"]
[WhiteElo "1486"]
[BlackElo "1705"]
[PlyCount "137"]
[EventDate "2018.07.13"]
[EventType "swiss"]
[EventRounds "9"]
[EventCountry "ESP"]
[SourceTitle "Ajedrez en Madrid"]
[Source "lmi"]
[SourceDate "2018.07.13"]
[SourceVersion "1"]
[SourceVersionDate "2019.06.21"]
[SourceQuality "1"]

1. e4 c5 2. Nf3 Nc6 3. d4 cxd4 4. Nxd4 Nf6 5. Nc3 e6 6. Ndb5 Bb4 7. Nd6+ Ke7 8.
Nxc8+ Rxc8 9. Bd3 Ne5 10. Bd2 Nc4 11. Bxc4 Rxc4 12. Qe2 Qc7 13. f3 Bxc3 14.
Bxc3 Rc8 15. O-O Qc5+ 16. Qf2 Qxf2+ 17. Rxf2 Ne8 18. Rd1 f6 19. a3 d6 20. Rfd2
a5 21. Bxa5 Rxc2 22. Rxc2 Rxc2 23. Bc3 Nc7 24. Rd2 Rxd2 25. Bxd2 Kd7 26. Kf2
Kc6 27. Ke3 h5 28. Kd3 d5 29. Ba5 Nb5 30. Bb4 Nc7 31. Bc3 Na6 32. Bd4 b5 33. b3
dxe4+ 34. fxe4 e5 35. Be3 g6 36. g3 f5 37. h3 Nc7 38. a4 bxa4 39. bxa4 Na6 40.
exf5 gxf5 41. Kc4 Nc7 42. a5 Na6 43. Bd2 Nc7 44. Bc3 Kd6 45. Bd2 Kc6 46. Be3
Na6 47. Bf2 Nc7 48. Be1 Ne6 49. Bf2 Ng5 50. h4 Ne4 51. Be1 Nf6 52. Bc3 Ng4 53.
a6 e4 54. a7 Kb7 55. Bd4 Nh2 56. Kd5 Nf1 57. Bf2 e3 58. a8=Q+ Kxa8 59. Be1 Nh2
60. Ke6 Nf3 61. Bc3 e2 62. Kxf5 e1=Q 63. Bxe1 Nxe1 64. Kg5 Kb8 65. Kxh5 Ng2 66.
Kg6 Ne3 67. h5 Ng4 68. h6 Ne5+ 69. Kg7 1-0

[Event "20. Obert Int. Sant Marti 2018 - B"]
[Site "Barcelona ESP"]
[Date "2018.07.18"]
[Round "6.48"]
[White "Cano Vila, Eduard"]
[Black "Rodriguez Batuecas, Jordi"]
[Result "1-0"]
[WhiteElo "1694"]
[BlackElo "1543"]
[PlyCount "47"]
[EventDate "2018.07.13"]
[EventType "swiss"]
[EventRounds "9"]
[EventCountry "ESP"]
[SourceTitle "Ajedrez en Madrid"]
[Source "lmi"]
[SourceDate "2018.07.13"]
[SourceVersion "1"]
[SourceVersionDate "2019.06.21"]
[SourceQuality "1"]

1. e4 c6 2. d4 d5 3. exd5 cxd5 4. Bf4 Nf6 5. Bd3 Nc6 6. c3 e6 7. Nd2 Bd6 8. Bg3
Bxg3 9. hxg3 Qc7 10. Ngf3 h6 11. Qe2 Bd7 12. Ne5 Rf8 13. Nb3 O-O-O 14. Rc1 Kb8
15. a4 Bc8 16. Nxc6+ Qxc6 17. O-O Qxa4 18. Nc5 Qe8 19. Ra1 Qc6 20. Ra3 Nd7 21.
Bb5 Qb6 22. Bxd7 Bxd7 23. Rb3 Qd6 24. Nxb7 1-0

[Event "20. Obert Int. Sant Marti 2018 - B"]
[Site "Barcelona ESP"]
[Date "2018.07.18"]
[Round "6.49"]
[White "Martinez Torras, Pol"]
[Black "Climent Vidal, Pere"]
[Result "0-1"]
[WhiteElo "1675"]
[BlackElo "1441"]
[PlyCount "86"]
[EventDate "2018.07.13"]
[EventType "swiss"]
[EventRounds "9"]
[EventCountry "ESP"]
[SourceTitle "Ajedrez en Madrid"]
[Source "lmi"]
[SourceDate "2018.07.13"]
[SourceVersion "1"]
[SourceVersionDate "2019.06.21"]
[SourceQuality "1"]

1. e4 d5 2. exd5 Qxd5 3. d4 Nf6 4. Nf3 c6 5. c4 Qd8 6. Nc3 e6 7. Bd3 Nbd7 8.
Bg5 Bb4 9. a3 Be7 10. O-O h6 11. Bxf6 Bxf6 12. Re1 O-O 13. Qc2 Re8 14. Ne4 Nf8
15. Nxf6+ Qxf6 16. Rad1 Kh8 17. b4 Bd7 18. Ne5 Rad8 19. Nxd7 Rxd7 20. Be4 Rxd4
21. Rxd4 Qxd4 22. Bf3 Qf6 23. Rd1 Rd8 24. c5 Rxd1+ 25. Qxd1 Qe7 26. Kf1 Qd7 27.
Qd6 Qxd6 28. cxd6 Nd7 29. Ke2 Kg8 30. a4 Kf8 31. a5 a6 32. Kd3 Ne5+ 33. Ke4
Nxf3 34. gxf3 Ke8 35. Ke5 Kd7 36. h4 f6+ 37. Kd4 Kxd6 38. f4 e5+ 39. fxe5+
fxe5+ 40. Ke4 g6 41. f3 Ke6 42. f4 exf4 43. Kxf4 Kd5 0-1

[Event "20. Obert Int. Sant Marti 2018 - B"]
[Site "Barcelona ESP"]
[Date "2018.07.18"]
[Round "6.50"]
[White "Bao, Jin Wen"]
[Black "Pereda Villalba, Julian"]
[Result "1-0"]
[WhiteElo "1302"]
[BlackElo "1669"]
[PlyCount "111"]
[EventDate "2018.07.13"]
[EventType "swiss"]
[EventRounds "9"]
[EventCountry "ESP"]
[SourceTitle "Ajedrez en Madrid"]
[Source "lmi"]
[SourceDate "2018.07.13"]
[SourceVersion "1"]
[SourceVersionDate "2019.06.21"]
[SourceQuality "1"]

1. e4 c5 2. Nf3 g6 3. d4 Bg7 4. Nc3 cxd4 5. Nxd4 Nc6 6. Be3 d6 7. Qd2 Nf6 8. f3
Bd7 9. O-O-O Qa5 10. Bh6 O-O 11. Bxg7 Kxg7 12. Bc4 Qh5 13. g4 Qc5 14. Bb3 Nxd4
15. Qxd4 Qxd4 16. Rxd4 Bc6 17. g5 Nh5 18. Nd5 Bxd5 19. Bxd5 Rab8 20. Re1 Nf4
21. e5 dxe5 22. Rxe5 Nxd5 23. Rexd5 e6 24. Rd7 a6 25. Re7 b5 26. Rdd7 b4 27.
Rxe6 a5 28. Re1 Rb5 29. f4 Rf5 30. Re4 Rc8 31. Kd1 Rfc5 32. Ree7 Rf5 33. Re4
Rcc5 34. Kd2 Rc8 35. c3 bxc3+ 36. bxc3 Rfc5 37. Ree7 Rf5 38. Re4 Rfc5 39. Rd3
Rb8 40. Kc1 Rcb5 41. Re2 Rb1+ 42. Kd2 Rf1 43. Rd4 Rf3 44. c4 Rh3 45. c5 Rb2+
46. Kd1 Rb5 47. Rc4 Rd3+ 48. Rd2 Rxd2+ 49. Kxd2 Kf8 50. c6 Rb8 51. Kc3 Ke7 52.
c7 Rc8 53. Kb3 Kd6 54. Ka4 Kd7 55. Kxa5 Ra8+ 56. Kb6 1-0